La nuit des longs couteaux / (Record no. 171630)

MARC details
000 -LEADER
campo de control de longitud fija 01063nam a2200277 i 4500
001 - NÚMERO DE CONTROL
campo de control 171630
003 - IDENTIFICADOR DE NÚMERO DE CONTROL
campo de control ES-MaACL
005 - FECHA Y HORA DE LA ÚLTIMA TRANSACCIÓN
campo de control 20240306142525.0
008 - DATOS DE LONGITUD FIJA--INFORMACIÓN GENERAL
campo de control de longitud fija 090522s1967 fr f |||| | fre d
080 ## - NÚMERO DE LA CLASIFICACIÓN DECIMAL UNIVERSAL
Número de la Clasificación Decimal Universal 329.18 (430)
080 ## - NÚMERO DE LA CLASIFICACIÓN DECIMAL UNIVERSAL
Número de la Clasificación Decimal Universal 94(430)"1933/45"
245 03 - MENCIÓN DEL TÍTULO
Título La nuit des longs couteaux /
Mención de responsabilidad, etc. présentée par Charles Bloch ; avec la collaboration de Jean-Claude Favez.
260 ## - PUBLICACIÓN, DISTRIBUCIÓN, ETC.
Lugar de publicación, distribución, etc. [Paris] :
Nombre del editor, distribuidor, etc. Julliard,
Fecha de publicación, distribución, etc. 1967.
300 ## - DESCRIPCIÓN FÍSICA
Extensión 253 p., [16] p. de lám. ;
Dimensiones 18 cm.
490 1# - MENCIÓN DE SERIE
Mención de serie Collection archives ;
Designación de volumen o secuencia 28
594 ## - Nota al título y mención de responsabilidad
Nota al título y mención de responsabilidad En cub.: "30 juin 1934: Hitler liquide les siens"
650 #4 - PUNTO DE ACCESO ADICIONAL DE MATERIA--TÉRMINO DE MATERIA
Término de materia o nombre geográfico como elemento de entrada Nacionalsocialismo
9 (RLIN) 15470
651 #4 - PUNTO DE ACCESO ADICIONAL DE MATERIA--NOMBRE GEOGRÁFICO
Nombre geográfico Alemania-
Subdivisión general Historia-
Subdivisión cronológica 1933-1945.
9 (RLIN) 7663
651 #4 - PUNTO DE ACCESO ADICIONAL DE MATERIA--NOMBRE GEOGRÁFICO
Nombre geográfico Alemania-
Subdivisión general Política y gobierno-
Subdivisión cronológica 1933-1945.
9 (RLIN) 140301
651 #4 - PUNTO DE ACCESO ADICIONAL DE MATERIA--NOMBRE GEOGRÁFICO
Nombre geográfico Alemania-
Subdivisión general Historia-
Subdivisión cronológica 1934 (Noche de los cuchillos largos)
9 (RLIN) 161466
700 1# - ENTRADA AGREGADA--NOMBRE PERSONAL
Nombre de persona Bloch, Charles.
9 (RLIN) 140299
700 1# - ENTRADA AGREGADA--NOMBRE PERSONAL
Nombre de persona Favez, Jean-Claude.
9 (RLIN) 140300
830 0# - PUNTO DE ACCESO ADICIONAL DE SERIE-TÍTULO UNIFORME
Título uniforme Collection archives ;
Designación de volumen o secuencia 28
9 (RLIN) 189026
852 4# - LOCALIZACIÓN
Ubicación ES-MaACL
Número de control de estantería E-12662
Nota libre . - Biblioteca Jacinto Martínez Lacalle
Holdings
Estatus retirado Estado de pérdida Estado de daño No para préstamo Biblioteca de origen Biblioteca actual Ubicación en estantería Fecha de adquisición Fuente de adquisición Total de préstamos Signatura topográfica completa Código de barras Visto por última vez Precio de reemplazo Tipo de ítem Koha
        Biblioteca del Ateneo de Madrid Biblioteca del Ateneo de Madrid Depósito 2 22/05/2009     E-12662 1180113 23/02/2023 23/02/2023 Libro impreso